|
|
|
|
| LEADER |
00000nam0a2200000 4500 |
| 001 |
298736 |
| 005 |
20231102001132.0 |
| 035 |
|
|
|a (RuTPU)RU\TPU\book\323879
|
| 090 |
|
|
|a 298736
|
| 100 |
|
|
|a 20150620d1982 k y0rusy50 ca
|
| 101 |
1 |
|
|a rus
|c eng
|
| 102 |
|
|
|a RU
|
| 105 |
|
|
|a a z 001zy
|
| 200 |
1 |
|
|a Космические магнитные поля: их образование и проявления
|e пер. с англ.
|e в 2 ч.
|e [монография]
|f Е. Н. Паркер
|h Ч. 1
|
| 210 |
|
|
|a Москва
|c Мир
|d 1982
|
| 215 |
|
|
|a 608 с.
|c ил.
|
| 320 |
|
|
|a Библиография в конце глав
|
| 606 |
1 |
|
|a Магнитное поле в космосе
|2 stltpush
|3 (RuTPU)RU\TPU\subj\40789
|9 60620
|
| 610 |
1 |
|
|a Вселенная
|
| 610 |
1 |
|
|a космические магнитные поля
|
| 610 |
1 |
|
|a природа
|
| 610 |
1 |
|
|a уравнения
|
| 610 |
1 |
|
|a тензор напряжений
|
| 610 |
1 |
|
|a энергия
|
| 610 |
1 |
|
|a равновесие
|
| 610 |
1 |
|
|a возмущения
|
| 610 |
1 |
|
|a распространение
|
| 610 |
1 |
|
|a изолированные силовые трубки
|
| 610 |
1 |
|
|a скрученные силовые трубки
|
| 610 |
1 |
|
|a магнитные силовые трубки
|
| 610 |
1 |
|
|a магнитные силовые линии
|
| 610 |
1 |
|
|a топология
|
| 610 |
1 |
|
|a инвариантные поля
|
| 610 |
1 |
|
|a неравновесность
|
| 610 |
1 |
|
|a быстрое перемыкание
|
| 610 |
1 |
|
|a монографии
|
| 675 |
|
|
|a 52:53
|v 4
|
| 700 |
|
1 |
|a Паркер
|b Е. Н.
|
| 801 |
|
1 |
|a RU
|b 63413507
|c 20150620
|
| 801 |
|
2 |
|a RU
|b 63413507
|c 20180618
|g RCR
|
| 942 |
|
|
|c BK
|